000
00177 a2200097 4500
020
_a
9780061686276
041
_a
eng
100
_a
Dorros,Arthur
245
_a
Abuelo
942
_c
BK
999
_c
31777
_d
31775